| 000 | 00760nam a22002175i 4500 | ||
|---|---|---|---|
| 001 | 176099 | ||
| 003 | ES-MaACL | ||
| 005 | 20231213062951.0 | ||
| 008 | 101216s1961 sp |||| | spa d | ||
| 080 | _a1 Ortega y Gasset, José | ||
| 100 | 1 |
_aMarías, Julián, _d1914-2005 _976688 |
|
| 245 | 1 | 0 |
_aOrtega ante Goethe / _cJulián Marías. |
| 260 |
_aMadrid : _bTaurus, _cimp. 1961. |
||
| 300 |
_a29 p. ; _c24 cm. |
||
| 490 | 1 |
_aCuadernos de la Fundación Pastor ; _v4 |
|
| 600 | 1 | 4 |
_aOrtega y Gasset, José, _d1883-1955- _xCrítica e interpretación _987505 |
| 710 | 2 |
_aFundación Pastor de Estudios Clásicos. _94386 |
|
| 830 | 0 |
_aCuadernos de la Fundación Pastor ; _v4 _9182742 |
|
| 852 |
_aES-MaACL _j2273-F-6 _xOlim P-1029-bis |
||
| 999 |
_c176099 _d176099 |
||